000 02093nam a2200397 4500
003 PE-LiUPU
005 20250731173118.0
008 210816n 000 0 eng u
020 _a9789004236738
035 _a(Sirsi) a252877
082 1 _a262.140902
_bC2
245 0 2 _aA companion to priesthood and Holy Orders in the Middle Ages /
_c/edited by Greg Peters, C. Colt Anderson.
264 _aBoston :
_bBrill,
_c2015.
300 _a[XI] 387 páginas,
_c24 centímetros.
490 0 _a(Brill's companions to the Christian tradition,
_xISSN1871-6377;
_n62)
505 0 _aApostolic Successors: Priests and Priesthood, Bishops, and Episcopacy in Medieval Wesstern Europe. -Ordinatio and the Priesthood in the Early Middle Ages and Its Visual Depiction. -Priesthook in the Byzantine Empire. -Married Clergy in Easstern an Western Chritianity. -The imago Chrsti in the Bishop, Priest, and Clergy. -Priest and the Eucharuist in the Middle Ages. -The Priesthood and the Sacrament of Marriage. -Teaching Confession in Thirteenth-Century England: Priests an Laity. -Reforming Priests and the Diverse Rhetorics of Ordination and Office form 1123-1418. -The Radical Renewal of Pastoral Care int the Italian Communes, 1150-1250: Prelates, Secular Clergy, and the Mendicant Orders. -From Function to Ontology: The Shifting Diaconate of the Middle Ages.
526 _aSEG42
526 _aSEG41
526 _aSEG40
526 _aSEG39
526 _aP94
526 _aP87
526 _aP86
526 _aP85
526 _aP77
526 _aP76
526 _aP35
650 1 4 _aMonaquismo y órdenes religiosas
_xHistoria
_yEdad Media.
650 2 4 _aSacerdocio
_xHistoria.
650 2 4 _aDiáconos
_xHistoria.
598 _aCATALOGING
596 _a1
942 _2ddc
_cBOOK
949 _a262.140902 C2
_wDEWEY
_c1
_i70892
_mBC
_p205.00
_r0
_sY
_tLIBRO
_u2021-04-20
_xFACTEO
_zTeología
_oSTAFF. Colección General
999 _a262.140902 C2
_wDEWEY
_c32074
_i70892
_f2022-6-8
_g1
_lCCODEBUL1
_mBUL
_p205.00
_r0
_sY
_tBOOK
_u2021-8-16
_xTEOLOGIA
_PP35
_0UNKNOWN
_d32074
980 _81
_gALBERTO SANCHEZ Responsable de Automatización